Điệu sáo mê hồn

Αποθηκεύτηκε σε:
Λεπτομέρειες βιβλιογραφικής εγγραφής
Κύριος συγγραφέας: Ngọa, Long Sinh
Μορφή: Βιβλίο
Γλώσσα:Undetermined
Έκδοση: Hà Nội Văn học 2003
Θέματα:
Ετικέτες: Προσθήκη ετικέτας
Δεν υπάρχουν, Καταχωρήστε ετικέτα πρώτοι!
Thư viện lưu trữ: Trung tâm Học liệu Trường Đại học Cần Thơ
LEADER 00532nam a2200193Ia 4500
001 CTU_64649
008 210402s9999 xx 000 0 und d
020 |b 31000 
082 |a 895.13 
082 |b S312/T.6 
100 |a Ngọa, Long Sinh 
245 0 |a Điệu sáo mê hồn 
245 0 |c Ngọa Long Sinh ; Hồ Tiến Huân (dịch) 
260 |a Hà Nội 
260 |b Văn học 
260 |c 2003 
650 |a Chinese fiction 
904 |i Năm 
980 |a Trung tâm Học liệu Trường Đại học Cần Thơ